00730nam a2200205 a 450000100100000000500170001000800410002704000250006808200200009310000420011324500570015526000420021230000210025465000310027565000430030665000310034904900090038095201180038999900170050700001111620240412074223.0091014s19uu dr 001 0 spa d aDO-SdBNPbspacBNPHU aRD861.44bP853c1 aPortorreal, Eulogioc(Coquito)92662610aCien sonetos para mi patria / :bEugenio Portorreal. a[Santo Domingo?] :b[s. n.],c[199?]. a109 p. ;c22 cm. 4aSonetos dominicanos910208 4aPoesía histórica dominicana923574 0aLiteratura dominicana.967 aBNPD 0010718PDaPDbPDcCTd2009-10-14iLF1l0oRD861.44 P853cp11116-10r2020-06-25w2020-06-25yLFPDZNo se presta c10841d10841